Kupónová privatizace. Majetku má být dostatek.

Rozhovor s námestníkom ministra financií (FMF) J. Jurečkom. Pre kupónovú privatizáciu sa ráta s 30 až 40 perc. z celkovej privatizácie. Do kupónovej privatizácie pôjde v prvej vlne 500-1000 podnikov. Odhaduje sa, že na kupónovej privatizácii sa zúčastní 4-7 mil. občanov. Problematika vlastníctva štá...

ver descrição completa

Na minha lista:
Detalhes bibliográficos
Autor principal: Jurečka, J.
Outros Autores: Kubánek, M.
Formato: Capítulo de Livro
Idioma:tcheco
Assuntos:
Tags: Adicionar Tag
Sem tags, seja o primeiro a adicionar uma tag!

MARC

LEADER 00000naa a2200000 4500
001 r004012
005 20221125081414.8
041 0 |a cze 
044 |a [CS] 
245 1 0 |a Kupónová privatizace. Majetku má být dostatek.  |c J. Jurečka, M. Kubánek 
520 |a Rozhovor s námestníkom ministra financií (FMF) J. Jurečkom. Pre kupónovú privatizáciu sa ráta s 30 až 40 perc. z celkovej privatizácie. Do kupónovej privatizácie pôjde v prvej vlne 500-1000 podnikov. Odhaduje sa, že na kupónovej privatizácii sa zúčastní 4-7 mil. občanov. Problematika vlastníctva štátu po privatizácii. 
610 2 0 |a privatizácia 
610 2 0 |a Jurečka, J. 
610 2 0 |a ČSFR 
610 2 0 |a majetok národný 
610 2 0 |a vlastníctvo štátne 
610 2 0 |a podnik štátny 
100 1 |a Jurečka, J. 
700 1 |a Kubánek, M.